| 000 | 01457cam a2200313 i 4500 | ||
|---|---|---|---|
| 999 |
_c328841 _d328841 |
||
| 001 | 887131 | ||
| 003 | Nust | ||
| 005 | 20170417180105.0 | ||
| 008 | 801125r19791834pk a b 000 0 eng | ||
| 010 | _a 80132775 | ||
| 020 | _a0195772164 (set) | ||
| 040 |
_aDLC _cDLC _dDLC |
||
| 041 | 1 | _aengfre | |
| 043 | _aa-ii--- | ||
| 050 | 0 | 0 |
_aDS412 _b.J2313 1979 |
| 082 | 0 | 0 |
_a915.4/04314 _219 |
| 100 | 1 |
_aJacquemont, Victor, _d1801-1832. |
|
| 240 | 1 | 0 |
_aCorrespondance de Victor Jacquemont ... pendant son voyage dans l'Inde (1828-1832). _lEnglish |
| 245 | 1 | 0 |
_aLetters from India : _bdescribing a journey in the British dominions of India, Tibet, Lahore, and Cashmere, during the years 1828, 1829, 1830, 1831, undertaken by order of the French government / _cby Victor Jacquemont ; with an introd. by John Rosselli. |
| 260 |
_aKarachi ; _aNew York : _bOxford University Press, _c1979. |
||
| 300 |
_a2 v. : _bill. ; _c22 cm. |
||
| 440 | 0 | _aOxford in Asia historical reprints from Pakistan | |
| 500 | _aTranslation of Correspondance de Victor Jacquemont avec sa famille et plusieurs de ses amis pendant son voyage dans l'Inde (1828-1832) | ||
| 500 | _aReprint of the 1834 ed. published by E. Churton, London. | ||
| 504 | _aIncludes bibliographical references. | ||
| 600 | 1 | 0 |
_aJacquemont, Victor, _d1801-1832. |
| 651 | 0 |
_aIndia _xDescription and travel. |
|
| 906 |
_a7 _bcbc _corignew _d2 _encip _f19 _gy-gencatlg |
||
| 942 |
_2ddc _cBK |
||